000 01087ncm a2200301 i 4500
001 174914
003 ES-MaACL
005 20231106211037.0
007 q|
008 100701q1930 fr ||| fre d
080 _a78.085
100 1 _aLópez-Quiroga, Manuel.
_9143186
245 1 0 _aTriniá [
_hMúsica impresa]
_b: paso doble /
_cmusique, Quiroga ; paroles espagnoles, Valverde y León ; paroles françaises, Maurice Peguy.
246 3 _aTriniá :
_bchanson pasodoble du film "María de la O"
260 _aParis :
_bJulio Garzon,
_c[ca. 1930] (
_fImp. Rolland)
300 _a[4] p. :
_bil., partitura ;
_c27 cm.
490 1 _aDerniers succès
650 4 _aPasodobles.
_9174730
650 4 _aCanción española.
_9174731
650 4 _aCanciones-
_vPartituras.
_910721
700 1 _aValverde, Salvador.
_9113016
700 1 _aLeón, Rafael de,
_d1908-1982
_971595
700 1 _aMolina, Miguel de.
_981898
830 1 _aDerniers succès
_9223814
852 4 _aES-MaACL
_j2279-F-10
_z- Biblioteca Jacinto Martínez Lacalle
942 _2udc
999 _c174914
_d174914